Photoshop 5.5 para diseño Web / (Record no. 87248)
[ view plain ]
| 000 -CABECERA | |
|---|---|
| campo de control de longitud fija | 00968nam a2200265 a 4500 |
| 005 - FECHA Y HORA DE LA ÚLTIMA TRANSACCIÓN | |
| campo de control | 20210223124500.0 |
| 008 - ELEMENTOS DE LONGITUD FIJA--INFORMACIÓN GENERAL | |
| campo de control de longitud fija | 011023s2000 es r 000 0 spa d |
| 020 ## - NÚMERO INTERNACIONAL NORMALIZADO PARA LIBROS | |
| Número Internacional Estándar del Libro | 8441510121 |
| 035 ## - NÚMERO DE CONTROL DEL SISTEMA | |
| Número de control de sistema | UPN01000113340 |
| 049 ## - COLECCIÓN | |
| Colección | CG |
| 050 #4 - SIGNATURA TOPOGRÁFICA DE LA BIBLIOTECA DEL CONGRESO | |
| Número de clasificación | T385 |
| Número de documento/Ítem | B3.6 |
| 100 1# - ASIENTO PRINCIPAL--NOMBRE PERSONAL | |
| Nombre de persona | Baumgardt, Michael |
| 245 10 - MENCIÓN DE TÍTULO | |
| Título | Photoshop 5.5 para diseño Web / |
| Mención de responsabilidad, etc. | Michael Baumgardt ; tr. Antonio García del Olmo. |
| 260 ## - PUBLICACIÓN, DISTRIBUCIÓN, ETC. | |
| Lugar de publicación, distribución, etc. | Madrid : |
| Nombre del editor, distribuidor, etc. | Anaya Multimedia, |
| Fecha de publicación, distribución, etc. | c2000. |
| 300 ## - DESCRIPCIÓN FÍSICA | |
| Extensión | 336 p. : |
| Otras características físicas | il. col. + |
| Material acompañante/anejo | 1 CD-ROM : son., col. ; 4 3/4 plg. |
| 440 #0 - MENCIÓN DE SERIE/ASIENTO SECUNDARIO--TÍTULO | |
| Título | Diseño y creatividad |
| 500 ## - NOTA GENERAL | |
| Nota general | "Niveles: básico y medio. Tipo de libro: Aprendizaje/referencia. Temática: Internet" |
| 500 ## - NOTA GENERAL | |
| Nota general | "Windows y Macintosh" |
| 500 ## - NOTA GENERAL | |
| Nota general | "Con mage Ready 2 y GoLive 4" |
| 534 ## - NOTA SOBRE LA VERSIÓN ORIGINAL | |
| Frase introductoria | Traducción de: |
| Mención de título del original | Adobe photoshop 5.5 web design |
| 650 #4 - ASIENTO SECUNDARIO DE MATERIA - TERMINO TEMATICO | |
| Término de materia o nombre geográfico como elemento de entrada | GRAFICOS POR COMPUTADORA |
| 9 (RLIN) | 12519 |
| 650 #4 - ASIENTO SECUNDARIO DE MATERIA - TERMINO TEMATICO | |
| Término de materia o nombre geográfico como elemento de entrada | SITIOS WEB - |
| Subdivisión general | DISEÑO |
| 9 (RLIN) | 7669 |
| 650 #4 - ASIENTO SECUNDARIO DE MATERIA - TERMINO TEMATICO | |
| Término de materia o nombre geográfico como elemento de entrada | ADOBE PHOTOSHOP (ARCHIVO PARA COMPUTADORA) |
| 9 (RLIN) | 620 |
| 905 ## - TIPO DE MATERIAL | |
| Tipo de material | Libro |
| Estado de retiro | Estado de pérdida | Fuente del sistema de clasificación o colocación | Estado dañado | No para préstamo | Código de colección | Localización permanente | Ubicación/localización actual | Ubicación en estantería | Total de préstamos | Clasificación | Código de barras | Fecha visto por última vez | Número de copia | Tipo de ítem Koha | Fecha de adquisición | Precio válido a partir de | Nota pública |
|---|---|---|---|---|---|---|---|---|---|---|---|---|---|---|---|---|---|
| Library of Congress Classification | Colección General | Bib. Gregorio Torres Quintero | Bib. Gregorio Torres Quintero | Planta baja | 11 | T385 B3.6 | 186939 | 31/12/2020 | 1 | Libro | |||||||
| Library of Congress Classification | Materiales complementarios y otros recursos electrónicos | Bib. Gregorio Torres Quintero | Bib. Gregorio Torres Quintero | Mostrador de préstamo Planta baja | T385 B3.6 | 339230 | 25/06/2024 | Disco Compacto | 25/06/2024 | 25/06/2024 | Solicítalo en el mostrador de préstamo |
